000 00397nam a2200181Ia 4500
003 0100
008 130303s9999 xx 000 0 und d
040 _cARRUPELIB
050 _aBT613.B453
100 _aBernard, Rogatien
245 4 _aThe mystery of Mary
260 _aSt. Louis MO
260 _bHerder
260 _C1960
300 _a304p
700 _atr. by M.A. Bouchard
942 0 0 _01
999 _c46846
_d46846